000 00685nam a2200229Ia 4500
003 OSt
005 20220923214308.0
006 a|||||r|||| 00| 0
007 ta
008 220922b |||||||| |||| 00| 0 hin d
024 _a168,503
037 _cTextual
040 _aARTS
_cARTS
_bhin
041 _2hin
_ahin
082 _aO152:1I80:11:9, K4
100 _aनांरग, इंद्रचंद्र
_9156365
245 0 _aपदमावत का अनुशीलन
246 _aPadamāvat kā anushīlana
260 _c1964
942 _hO152:1I80:11:9, K4
_cTEXL
_2CC
999 _c322970
_d322970